| 000 | 00457nam a2200169Ia 4500 | ||
|---|---|---|---|
| 999 |
_c12624 _d12624 |
||
| 003 | OSt | ||
| 005 | 20201015112526.0 | ||
| 008 | 190216s9999||||xx |||||||||||||| ||und|| | ||
| 040 | _coclc | ||
| 082 |
_a891.72 _bCHE/M |
||
| 100 |
_aChekhov, Anton _95230 |
||
| 245 | 2 |
_aA Marriage Proposal / _cAnton Chekhov |
|
| 260 | _bPenguin Books, | ||
| 300 | _a157p | ||
| 650 | _aEnglish Novel | ||
| 942 |
_cBK _2ddc _h891.72 _iCHE/M _k891.72 _mCHE/M |
||